000
00253nam a22001217a 4500
003
SGT
082
_b
RAO
100
_a
RAO, DR. A.N.
245
_a
INDIAN JOURNAL OF WEED SCIENCE
260
_a
INDIA
_b
ICAR
_c
2022-2023
300
_a
430
942
_2
ddc
_c
BV
999
_c
29865
_d
29865